• 首页
  • 本馆介绍
  • 公告通知
  • 最新文献
  • 馆藏检索
  • 电子资源
  • 读者导购
  • 参考咨询
  • 我的图书馆
  • 登录
  • 详细信息显示
  • 放入我的书架
  • 预约/预借图书
  • 作者相关作品
  • 分类相关作品
  • 丛书相关作品
  • 出版社相关作品

书目信息

  • 表格格式
  • 工作单格式
  • 卡片格式
题名:
战国策译注
    
 
作者: 吕壮 译注
分册:  
出版信息: 上海   上海三联书店  2018
页数: 349页
开本: 21cm
丛书名: 国学经典
单 册:
中图分类: K231.04
科图分类:
主题词: 中国历史--Zhong Guo Li Shi--战国时代--史料
电子资源:
ISBN: 978-7-5426-6308-5
000 00940nam 2200289 450
001 012001006642
005 20191023153206.87
010    @a978-7-5426-6308-5@dCNY29.80
099    @aCAL 012018133030
100    @a20181024d2018 em y0chiy50 ea
101 0  @achi
102    @aCN@b310000
105    @ay z 000yy
106    @ar
200 1  @a战国策译注@Azhan guo ce yi zhu@f吕壮译注
205    @a第2版
210    @a上海@c上海三联书店@d2018
215    @a349页@d21cm
225 2  @a国学经典@Aguo xue jing dian
330    @a《战国策》是战国时期策士及各类人士纵论国事与时势的言论辑录。全书文笔优美, 记述生动, 反映出战国时期特有的社会风貌, 是研究战国社会历史的重要史料。
410  0 @12001 @a国学经典
605    @a战国策@Azhan guo ce@x译文
606 0  @a中国历史@AZhong Guo Li Shi@z战国时代@j史料
690    @aK231.04@v4
701  0 @a吕壮@Alv zhuang@4译注
801  0 @aCN@b上海新华@c20191020
905    @b1175055-8@dK231.04@e30=2@f4
    
    战国策译注/吕壮译注.-第2版.-上海:上海三联书店,2018
    349页;21cm.-(国学经典)
    
    
    ISBN 978-7-5426-6308-5:CNY29.80
    《战国策》是战国时期策士及各类人士纵论国事与时势的言论辑录。全书文笔优美, 记述生动, 反映出战国时期特有的社会风貌, 是研究战国社会历史的重要史料。
●
相关链接 在E读中查询图书 在五车中查询图书 在当当中查询图书 在豆瓣中查询图书


正题名:战国策译注     索取号:K231.04/30=2         预约/预借

序号 登录号 条形码 馆藏地/架位号 状态 备注
1 1175055   211750559   第二样本阅览室/ [索取号:K231.04/30=2] 在馆    
2 1175056   211750568   第二借阅区/ [索取号:K231.04/30=2] 在馆    
3 1175057   211750577   第二借阅区/ [索取号:K231.04/30=2] 在馆    
4 1175058   211750586   第二借阅区/ [索取号:K231.04/30=2] 在馆    
唐山师范学院图书馆 欢迎您!
大连网信软件有限公司© 版权所有